<?xml version="1.0" encoding="UTF-8"?>
<record
    xmlns:xsi="http://www.w3.org/2001/XMLSchema-instance"
    xsi:schemaLocation="http://www.loc.gov/MARC21/slim http://www.loc.gov/standards/marcxml/schema/MARC21slim.xsd"
    xmlns="http://www.loc.gov/MARC21/slim">

  <leader>01182nam a2200289 a 4500</leader>
  <controlfield tag="001">78717</controlfield>
  <controlfield tag="003">BD-RjUL</controlfield>
  <controlfield tag="005">20211209083151.0</controlfield>
  <controlfield tag="008">211107s2006    le       b    001 0 ara d</controlfield>
  <datafield tag="020" ind1=" " ind2=" ">
    <subfield code="a">9773058948</subfield>
  </datafield>
  <datafield tag="035" ind1=" " ind2=" ">
    <subfield code="a">(BD-RjUL)78943</subfield>
  </datafield>
  <datafield tag="040" ind1=" " ind2=" ">
    <subfield code="a">MiU</subfield>
    <subfield code="c">MiU</subfield>
    <subfield code="d">UkOxU</subfield>
    <subfield code="b">eng</subfield>
  </datafield>
  <datafield tag="041" ind1=" " ind2=" ">
    <subfield code="a">ara</subfield>
  </datafield>
  <datafield tag="082" ind1=" " ind2=" ">
    <subfield code="2">23</subfield>
    <subfield code="a">492.75</subfield>
    <subfield code="b">IBK 2006</subfield>
  </datafield>
  <datafield tag="100" ind1="1" ind2=" ">
    <subfield code="a">&#x628;&#x646; &#x62C;&#x646;&#x64A;&#x60C; &#x623;&#x628;&#x648; &#x627;&#x644;&#x641;&#x62A;&#x62D; &#x639;&#x62B;&#x645;&#x627;&#x646;. ;; Ibn Jinn&#x12B;, Ab&#x16B; al-Fat&#x1E25; &#x2BF;Uthm&#x101;n,</subfield>
    <subfield code="d">-1002.</subfield>
    <subfield code="9">249679</subfield>
  </datafield>
  <datafield tag="245" ind1="1" ind2="4">
    <subfield code="a">&#x627;&#x644;&#x62E;&#x635;&#x627;&#x626;&#x635; ;; al-Kha&#x1E63;&#x101;&#x2BC;i&#x1E63; /</subfield>
    <subfield code="c">&#x62A;&#x623;&#x644;&#x64A;&#x641; &#x623;&#x628;&#x64A; &#x627;&#x644;&#x641;&#x62A;&#x62D; &#x639;&#x62B;&#x645;&#x627;&#x646; &#x628;&#x646; &#x62C;&#x646;&#x64A; &#x61B; &#x62A;&#x62D;&#x642;&#x64A;&#x642; &#x645;&#x62D;&#x645;&#x62F; &#x639;&#x644;&#x64A; &#x627;&#x644;&#x646;&#x62C;&#x627;&#x631;.;; ta&#x2BC;l&#x12B;f Ab&#x12B; al-Fat&#x1E25; &#x2BF;Uthm&#x101;n ibn Jinn&#x12B; ; ta&#x1E25;q&#x12B;q mohammad Ali alnajar</subfield>
  </datafield>
  <datafield tag="250" ind1=" " ind2=" ">
    <subfield code="a">al-&#x1E6C;ab&#x2BF;ah 1.</subfield>
  </datafield>
  <datafield tag="260" ind1=" " ind2=" ">
    <subfield code="a">Qahira :</subfield>
    <subfield code="b"> D&#x101;r al-Kutub al-misriah ,</subfield>
    <subfield code="c">2006.</subfield>
  </datafield>
  <datafield tag="300" ind1=" " ind2=" ">
    <subfield code="a">3 v. ;</subfield>
    <subfield code="c">25 cm.</subfield>
  </datafield>
  <datafield tag="500" ind1=" " ind2=" ">
    <subfield code="a">Vol. 3: al-Fah&#x101;ris.</subfield>
  </datafield>
  <datafield tag="504" ind1=" " ind2=" ">
    <subfield code="a">Includes bibliographical references and indexes.</subfield>
  </datafield>
  <datafield tag="505" ind1=" " ind2=" ">
    <subfield code="a">V0l.1--v.2.--</subfield>
  </datafield>
  <datafield tag="650" ind1=" " ind2="0">
    <subfield code="a">Arabic language</subfield>
    <subfield code="x">Grammar</subfield>
    <subfield code="v">Early works to 1800.</subfield>
    <subfield code="9">249680</subfield>
  </datafield>
  <datafield tag="650" ind1=" " ind2="0">
    <subfield code="a">Arabic language</subfield>
    <subfield code="x">Lexicography</subfield>
    <subfield code="v">Early works to 1800.</subfield>
    <subfield code="9">249681</subfield>
  </datafield>
  <datafield tag="700" ind1="1" ind2=" ">
    <subfield code="a">  Najjar, Muhammad Ali ;; &#x627;&#x644;&#x646;&#x62C;&#x627;&#x631;, &#x645;&#x62D;&#x645;&#x62F; &#x639;&#x644;&#x64A;</subfield>
    <subfield code="9">249685</subfield>
  </datafield>
  <datafield tag="942" ind1=" " ind2=" ">
    <subfield code="2">ddc</subfield>
    <subfield code="c">BK</subfield>
  </datafield>
  <datafield tag="999" ind1=" " ind2=" ">
    <subfield code="c">78717</subfield>
    <subfield code="d">78717</subfield>
  </datafield>
  <datafield tag="952" ind1=" " ind2=" ">
    <subfield code="0">0</subfield>
    <subfield code="1">0</subfield>
    <subfield code="2">ddc</subfield>
    <subfield code="4">0</subfield>
    <subfield code="7">1</subfield>
    <subfield code="8">NFIC</subfield>
    <subfield code="a">RUCL</subfield>
    <subfield code="b">RUCL</subfield>
    <subfield code="c">Reading</subfield>
    <subfield code="d">2009-11-18</subfield>
    <subfield code="e">Ahsaniah Mission , Dhaka</subfield>
    <subfield code="g">283.33</subfield>
    <subfield code="l">0</subfield>
    <subfield code="o">A 492.75 IBK V-1 2006</subfield>
    <subfield code="r">2021-11-08 00:00:00</subfield>
    <subfield code="t">C-1</subfield>
    <subfield code="w">2021-12-09</subfield>
    <subfield code="y">BK</subfield>
  </datafield>
  <datafield tag="952" ind1=" " ind2=" ">
    <subfield code="0">0</subfield>
    <subfield code="1">0</subfield>
    <subfield code="2">ddc</subfield>
    <subfield code="4">0</subfield>
    <subfield code="7">1</subfield>
    <subfield code="8">NFIC</subfield>
    <subfield code="a">RUCL</subfield>
    <subfield code="b">RUCL</subfield>
    <subfield code="c">Reading</subfield>
    <subfield code="d">2009-11-18</subfield>
    <subfield code="e">Ahsaniah Mission , Dhaka</subfield>
    <subfield code="g">283.33</subfield>
    <subfield code="l">0</subfield>
    <subfield code="o">A 492.75 IBK V-2 2006</subfield>
    <subfield code="r">2021-11-08 00:00:00</subfield>
    <subfield code="t">C-1</subfield>
    <subfield code="w">2021-12-09</subfield>
    <subfield code="y">BK</subfield>
  </datafield>
  <datafield tag="952" ind1=" " ind2=" ">
    <subfield code="0">0</subfield>
    <subfield code="1">0</subfield>
    <subfield code="2">ddc</subfield>
    <subfield code="4">0</subfield>
    <subfield code="7">1</subfield>
    <subfield code="8">NFIC</subfield>
    <subfield code="a">RUCL</subfield>
    <subfield code="b">RUCL</subfield>
    <subfield code="c">Reading</subfield>
    <subfield code="d">2009-11-18</subfield>
    <subfield code="e">Ahsaniah Mission , Dhaka</subfield>
    <subfield code="g">283.33</subfield>
    <subfield code="l">0</subfield>
    <subfield code="o">A 492.75 IBK V-3 2006</subfield>
    <subfield code="r">2021-11-08 00:00:00</subfield>
    <subfield code="t">C-1</subfield>
    <subfield code="w">2021-12-09</subfield>
    <subfield code="y">BK</subfield>
  </datafield>
</record>
